书目信息 |
| 题名: |
欧美农村劳动力的转移与城市化
|
|
| 作者: | 王章辉 , 黄柯可 主编 | |
| 分册: | ||
| 出版信息: | 北京 社会科学文献出版社 1999 |
|
| 页数: | 356页 | |
| 开本: | 20cm | |
| 丛书名: | 现代社会学文库 | |
| 单 册: | ||
| 中图分类: | C51 | |
| 科图分类: | ||
| 主题词: | 农业--劳动力--转移--世界 , 社会科学--多卷书 | |
| 电子资源: | ||
| ISBN: | 7-80149-125-4 | |
| 000 | 00757nam0 2200241 45 | |
| 001 | 0207020802 | |
| 005 | 20031219104056.9 | |
| 010 | @a7-80149-125-4@dCNY19.80 | |
| 100 | @a20020702d1999 km y0chiy0120 ea | |
| 101 | 0 | @achi |
| 105 | @a z 000yy | |
| 200 | 1 | @a欧美农村劳动力的转移与城市化@AOu Mei Nong Cun Lao Dong Li De Zhuan Yi Yu Cheng Shi Hua@f王章辉,黄柯可主编@FWang Zhang Hui,Huang Ke Ke Zhu Bian |
| 210 | @a北京@c社会科学文献出版社@d1999 | |
| 215 | @a356页@d20cm | |
| 225 | @a现代社会学文库 | |
| 410 | @12001 @a现代社会学文库 | |
| 606 | 0 | @a农业@x劳动力@x转移@y世界 |
| 606 | 0 | @a社会科学@x多卷书 |
| 690 | @aC51@v4 | |
| 701 | 0 | @a王章辉@4主编 |
| 701 | 0 | @a黄柯可@4主编 |
| 801 | @aCN@bTSTC@c20020702 | |
| 905 | @b313329-333@dC51@e114:11@f5 | |
| 欧美农村劳动力的转移与城市化/王章辉,黄柯可主编.-北京:社会科学文献出版社,1999 |
| 356页;20cm.-(现代社会学文库) |
| ISBN 7-80149-125-4:CNY19.80 |
| ● |
| 相关链接 |
|
|
|
|
正题名:欧美农村劳动力的转移与城市化
索取号:C51/114:11
 
预约/预借
| 序号 | 登录号 | 条形码 | 馆藏地/架位号 | 状态 | 备注 |
| 1 | 0313329 | 203133297 | 第一借阅区/ [索取号:C51/114:11] | 在馆 | |
| 2 | 0313330 | 203133304 | 教育系资料室/ [索取号:C51/114:11] | 在馆 | |
| 3 | 0313331 | 203133313 | 教育系资料室/ [索取号:C51/114:11] | 在馆 | |
| 4 | 0313332 | 203133322 | 第一借阅区/ [索取号:C51/114:11] | 在馆 | |
| 5 | 0313333 | 203133331 | 第一样本阅览室/ [索取号:C51/114:11] | 在馆 |